o Principezinho (Record no. 42821)
[ view plain ]
| 000 -Etiqueta do registo | |
|---|---|
| Valores | 00517nam a2200169 4500 |
| 100 ## - Dados gerais de processamento | |
| Dados gerais | 20240306 pory50 |
| 101 ## - Língua de publicação | |
| Língua | por |
| 102 ## - País de publicação | |
| País | PT |
| 200 ## - Titulo e menção de responsabilidade | |
| Título próprio | o Principezinho |
| Título paralelo | The little prince |
| Primeira menção de responsabilidade | Realiz. e prod. Stanley Donen |
| Outras menções de responsabilidade | baseado na obra de Saint-Exupéry |
| -- | act.s: Bob Fosse , Steven Warner , ... [et al.] |
| 210 ## - Publicação | |
| Nome do editor | Paramount pictures |
| -- | dist. Zon Lusomundo |
| Data de publicação | cop. 1974 |
| 215 ## - Descrição física | |
| Paginação / Volumes | 1 DVD |
| 300 ## - Notas gerais | |
| Texto da nota | 90 min<br/>M/6 |
| 675 ## - CDU | |
| Notação | 82-312.9 |
| 801 ## - Fonte de origem | |
| País | PT |
| Regras de catalogação | RPC |
| 990 ## - Elementos KOHA | |
| Tipo de documento | Filme DVD |
| Aquisição | Empréstimo | Código de barras | Cota | Permissão de empréstimo | Tipo de documento | Nota relativa ao exemplar |
|---|---|---|---|---|---|---|
| Biblioteca Escolar Doutor Hernâni Cidade | Biblioteca Escolar Doutor Hernâni Cidade | 56117 | FANT. DON | Filme DVD | 170 F. Fantástico e de Fantasia |